000 00380nam a2200133Ia 4500
005 20260326235439.0
008 260326s9999||||xx |||||||||||||| ||und||
100 _aMarciales, Luz Marina
245 0 _aMateriales Regionales para la Construcción /
_cLuz Marina Marciales
260 _bUniversidad Santo Tomás
300 _a315 p.
650 _aDETALLES CONSTRUCTIVOS
942 _cBK
999 _c7320
_d7320